| 000 | 00799nas a2200253 4500 | ||
|---|---|---|---|
| 001 | BR8700382 | ||
| 003 | BR-BrBNA | ||
| 005 | 20231205090544.0 | ||
| 007 | ta | ||
| 008 | 230509b bl.|||p| |||| 00| 00por d | ||
| 040 |
_aBR-BrBNA _bpor _cBiblioteca Nacional de Agricultura |
||
| 041 | _a(Pt) | ||
| 072 | _aF30 | ||
| 100 | 1 | _aCastro, P.R.C. | |
| 100 | 1 | _aBergamaschi, H. | |
| 100 | 1 | _aSilveira, J.A.G. | |
| 100 | 1 | _aMartins, P.F.S. | |
| 245 | 1 | _aDesenvolvimento comparado de tres cultivares de caupi, Vigna unguiculata (L.)Walp. | |
| 650 | _aFEIJAO DE CORDA | ||
| 650 | _aVARIEDADE | ||
| 773 | 0 |
_tAnais da Escola Superior de Agricultura Luiz de Queiroz (Brazil) _xISSN 0071-1276 _g(1984), v. 41(2) p. 555-584 _wBR8700382 |
|
| 909 |
_a202311 _bLúcia _c55 _dLúcia Elande |
||
| 942 |
_2AGRIS _n0 _cANA |
||
| 999 |
_c119288 _d119288 |
||